finaliste ligue des champions - Statistiques

Statistiques générales
  • Ce quiz a été pris 160 fois
  • Le résultat moyen est 17 sur 31
Statistiques - réponses
année champion finaliste % Correct
2023 Manchester City Inter Milan
80%
2020 Bayern Munich Paris Saint-Germain
78%
2024 Real Madrid Borussia Dortmund
73%
2013 Bayern Munich Borussia Dortmund
73%
2021 Chelsea FC Manchester City
73%
2017 Real Madrid Juventus
72%
2015 FC Barcelone Juventus
72%
2003 AC Milan Juventus
72%
1998 Real Madrid Juventus
72%
1997 Borussia Dortmund Juventus
72%
2005 Liverpool FC AC Milan
67%
1995 Ajax Amsterdam AC Milan
67%
2012 Chelsea FC Bayern Munich
65%
2010 Inter Milan Bayern Munich
65%
1999 Manchester United Bayern Munich
65%
2011 FC Barcelone Manchester United
65%
2009 FC Barcelone Manchester United
65%
2022 Real Madrid Liverpool FC
64%
2018 Real Madrid Liverpool FC
64%
2007 AC Milan Liverpool FC
64%
1994 AC Milan FC Barcelone
54%
2008 Manchester United Chelsea FC
43%
2004 FC Porto AS Monaco
36%
2006 FC Barcelone Arsenal FC
33%
2019 Liverpool FC Tottenham Hotspur
29%
1996 Juventus Ajax Amsterdam
27%
2016 Real Madrid Atlético de Madrid
22%
2014 Real Madrid Atlético de Madrid
22%
2001 Bayern Munich Valence CF
8%
2000 Real Madrid Valence CF
8%
2002 Real Madrid Bayer 04 Leverkusen
6%
Aucun quiz correspondant
Distribution des résultats
% des personnes avec chaque résultat
Percentile par nombre de réponses
Votre historique - résultats
Vous n’avez pas pris ce quiz